Hansal and gretal (Record no. 61305)
[ view plain ]
| 000 -LEADER | |
|---|---|
| fixed length control field | 00518nam a22001577a 4500 |
| 005 - DATE AND TIME OF LATEST TRANSACTION | |
| control field | 20120120121052.0 |
| 020 ## - INTERNATIONAL STANDARD BOOK NUMBER | |
| International Standard Book Number | 9788124317419 |
| Terms of availability | 70.00 |
| 082 ## - DEWEY DECIMAL CLASSIFICATION NUMBER | |
| Classification number | S |
| 245 ## - TITLE STATEMENT | |
| Title | Hansal and gretal |
| 260 ## - PUBLICATION, DISTRIBUTION, ETC. (IMPRINT) | |
| Place of publication, distribution, etc | Mumbai: |
| Name of publisher, distributor, etc | Navneet Publications |
| Date of publication, distribution, etc | c2007. |
| 270 ## - ADDRESS | |
| Address | Bhavani Shankar Road, Dadar, |
| City | Mumbai |
| Postal code | 400028 |
| Telephone number | 66626555 |
| 300 ## - PHYSICAL DESCRIPTION | |
| Extent | 32 p. |
| Other physical details | ill (col) |
| Dimensions | 26cm (Pbk) |
| 490 ## - SERIES STATEMENT | |
| Series statement | Classic fairy tales |
| -- | 39905 |
| 942 ## - ADDED ENTRY ELEMENTS (KOHA) | |
| Source of classification or shelving scheme | Dewey Decimal Classification |
| Item type | Children Books |
| Classification part | S |
| Call number suffix | HAN |
| Withdrawn status | Lost status | Not for loan | Collection code | Home library | Current library | Date acquired | Cost, normal purchase price | Full call number | Copy number | Cost, replacement price | Koha item type |
|---|---|---|---|---|---|---|---|---|---|---|---|
| Ordered | Fiction | Andrews Gunj | Andrews Gunj | 20/01/2012 | 70.00 | S HAN | 1 | 70.00 | Children Books |
